ESP-Reyes de Aragón - Estadísticas

Estadísticas generales
  • Esta prueba ha sido intentada 105 veces
  • La puntuación promedio es 22 de 27
Estadísticas de respuestas
Período Nombre % Correcto
1516-1556 Carlos I
97%
1665-1700 Carlos II
97%
1412-1416 Fernando I
96%
1479-1516 Fernando II
96%
1556-1598 Felipe I
92%
1598-1621 Felipe II
92%
1621-1665 Felipe III
92%
1700-1711 Felipe IV
92%
1387-1396 Juan I
91%
1458-1479 Juan II
91%
1104-1134 Alfonso I
84%
1164-1196 Alfonso II
84%
1285-1291 Alfonso III
84%
1327-1336 Alfonso IV
84%
1416-1458 Alfonso V
84%
1213-1276 Jaime I
77%
1291-1327 Jaime II
77%
1094-1104 Pedro I
73%
1196-1213 Pedro II
73%
1276-1285 Pedro III
73%
1336-1387 Pedro IV
73%
1035-1063 Ramiro I
73%
1134-1157 Ramiro II
73%
1063-1094 Sancho I
72%
1516-1555 Juana I
68%
1396-1410 Martín I
57%
1157-1164 Petronila I
53%
No se encontraron pruebas coincidentes
Distribución de puntuación
Porcentaje de gente con cada puntuación
Porcentaje por número respondido
Historial de tus puntuaciones
No has intentado esta prueba.